01010nam a22002057a 45000010005000000030006000050050017000110080041000280200018000690400029000870820011001161000015001272450042001422600044001843000048002285050008002765200471002845210029007555210020007849805FISKH20260310091439.0260226b cb ||||| |||| 00| 0 eng d a9780478273250 aFISKHbengcFISKHdFISKH a974.71 aLang , Rob aThe statue of liberty / cBy Rob Lang aWellington : bLearning Media , c2002. a8 pages : bcolor illustrations ;c19 cm .  aN  aThe Statue of Liberty is a children’s nonfiction book about the famous statue located in New York Harbor. The book explains why the Statue of Liberty was built, what it represents, and why it is an important symbol of freedom in the United States. It also describes how the statue was a gift from France and how it welcomed immigrants arriving in America. The book uses simple language and clear facts to help young readers understand history and national symbols.8 a550 bLexile estimate 8 aN bRaz-Plus